000 00422nam a22001697a 4500
999 _c10933
_d10933
003 OSt
008 210915b ||||| |||| 00| 0 eng d
020 _a978016043736
082 _a004.3
_bHEE
100 _aHENDERSON, Harry
245 _aEncyclopedia of Computer Science and Technology
250 _aRep
260 _bFact On File, Inc
_c2003
300 _a450
650 _aDictionary: encyclopedia
942 _2ddc
_cBK